[Event "GER-chT Online Liga 1 GpD"]
[Site "Playchess.com INT"]
[Date "2021.01.22"]
[Round "1.1"]
[White "Zwanzger, Johannes"]
[Black "Florstedt, Johannes"]
[Result "1-0"]
[WhiteElo "2263"]
[BlackElo "2330"]
[PlyCount "91"]
[EventDate "2021.01.18"]
[EventType "team-tourn (rapid)"]
[EventRounds "7"]
[EventCountry "GER"]
[SourceTitle "CBM 200 Extra"]
[Source "ChessBase"]
[SourceDate "2021.03.31"]
[SourceVersion "1"]
[SourceVersionDate "2021.03.31"]
[SourceQuality "1"]
[WhiteTeam "Bayern Muenchen"]
[BlackTeam "Berlin SF"]
[WhiteTeamCountry "GER"]
[BlackTeamCountry "GER"]

1. e4 c5 2. Nf3 d6 3. d4 cxd4 4. Nxd4 Nf6 5. Nc3 a6 6. h3 e6 7. g4 Nfd7 8. Bg2 Be7 9. 0-0 Nc6 10. Be3 0-0 11. Qe2 Nxd4 12. Bxd4 b5 13. e5 d5 14. f4 b4 15. Na4 a5 16. Qe3 Ba6 17. Rf2 Rc8 18. Bf1 Bxf1 19. Raxf1 Nb8 20. b3 Nc6 21. Bb6 Qe8 22. f5 Bh4 23. f6 gxf6 24. Qh6 Bxf2+ 25. Rxf2 Nxe5 26. Bd4 Qe7 27. g5 Kh8 28. Rxf6 Nf3+ 29. Rxf3+ e5 30. Bb2 Rg8 31. h4 Rg6 32. Qh5 Rxc2 33. Re3 Re6 34. Qf3 d4 35. Qa8+ Kg7 36. Rg3 Qc7 37. h5 Rxb2 38. h6+ Kg6 39. Qg8+ Kh5 40. Nxb2 Qc1+ 41. Kh2 Qxb2+ 42. Rg2 Qc3 43. Qxf7+ Rg6 44. Qf5 Rc6 45. g6+ Kxh6 46. gxh7 1-0

[Event "Bundesliga 1920 final"]
[Site "Karlsruhe"]
[Date "2020.09.17"]
[Round "3.7"]
[White "Bacrot, Etienne"]
[Black "Florstedt, Johannes"]
[Result "1-0"]
[WhiteElo "2673"]
[BlackElo "2353"]
[PlyCount "61"]
[EventDate "2020.09.16"]
[EventType "team-tourn"]
[EventRounds "7"]
[EventCountry "GER"]
[SourceTitle "CBM 198 Extra"]
[Source "ChessBase"]
[SourceDate "2020.11.30"]
[SourceVersion "1"]
[SourceVersionDate "2020.11.30"]
[SourceQuality "1"]
[WhiteTeam "Baden-Baden"]
[BlackTeam "Berlin SF"]
[WhiteTeamCountry "GER"]
[BlackTeamCountry "GER"]

1. Nf3 c5 2. c4 Nc6 3. d4 cxd4 4. Nxd4 Nf6 5. Nc3 e6 6. a3 Bc5 7. Nb3 Bb6 8. c5 Bc7 9. g3 0-0 10. Bg2 b6 11. 0-0 Rb8 12. cxb6 axb6 13. Nb5 Be5 14. f4 Bc7 15. Nxc7 Qxc7 16. f5 Bb7 17. Bf4 e5 18. Bg5 Rbc8 19. Bxf6 gxf6 20. Rc1 Rfd8 21. Bd5 Qb8 22. Rc4 Ne7 23. Rg4+ Kf8 24. Bxb7 Qxb7 25. Qd2 Ke8 26. Qh6 Rc2 27. Nd2 d5 28. Qxf6 Rxd2 29. Rg7 Nc6 30. Rc1 Qe7 31. Rg8+ 1-0

[Event "GER-ch"]
[Site "Magdeburg"]
[Date "2020.08.19"]
[Round "5"]
[White "Florstedt, Johannes"]
[Black "Miller, Eduard"]
[Result "0-1"]
[WhiteElo "2350"]
[BlackElo "2392"]
[PlyCount "75"]
[EventDate "2020.08.16"]
[EventType "swiss"]
[EventRounds "9"]
[EventCountry "GER"]
[SourceTitle "CBM 197 Extra"]
[Source "ChessBase"]
[SourceDate "2020.09.30"]
[SourceVersion "1"]
[SourceVersionDate "2020.09.30"]
[SourceQuality "1"]

1. e4 c5 2. Nf3 Nc6 3. d4 cxd4 4. Nxd4 g6 5. c4 Nf6 6. Nc3 d6 7. f3 Bg7 8. Be3 0-0 9. Be2 Nxd4 10. Bxd4 Qa5 11. Qd2 Be6 12. Rc1 Rfc8 13. b3 a6 14. f4 Nxe4 15. Qe3 Bxd4 16. Qxd4 Nxc3 17. Rxc3 Qxa2 18. h4 Qb1+ 19. Bd1 Bg4 20. 0-0 Bxd1 21. Rxd1 Qf5 22. Re3 Rc7 23. Rde1 Re8 24. b4 b5 25. cxb5 axb5 26. Rc3 Rxc3 27. Qxc3 Qxf4 28. h5 Qc4 29. Qd2 d5 30. h6 f6 31. Rc1 Qe4 32. Re1 Qf5 33. Ra1 Rd8 34. Ra7 Kf7 35. Rb7 d4 36. Qe2 Qb1+ 37. Kh2 Qxb4 38. Qa2+ 0-1

[Event "Titled Tuesday intern op 7th April"]
[Site "Chess.com INT"]
[Date "2020.04.07"]
[Round "1"]
[White "Florstedt, Johannes"]
[Black "Gadimbayli, Abdulla Azar"]
[Result "0-1"]
[WhiteElo "2350"]
[BlackElo "2470"]
[PlyCount "62"]
[EventDate "2020.04.07"]
[EventType "swiss (blitz)"]
[EventRounds "10"]
[EventCountry "USA"]
[SourceTitle "EXT 2021"]
[Source "ChessBase"]
[SourceDate "2020.10.23"]
[SourceVersion "1"]
[SourceVersionDate "2020.10.23"]
[SourceQuality "1"]

1. e4 e5 2. Nf3 d5 3. exd5 e4 4. Qe2 Nf6 5. d3 Bb4+ 6. Nc3 0-0 7. dxe4 Re8 8. e5 Nxd5 9. Bd2 Nc6 10. 0-0-0 Bxc3 11. Bxc3 Nxc3 12. bxc3 Qe7 13. Kb2 a5 14. Qe3 a4 15. a3 Bg4 16. Be2 Bxf3 17. gxf3 Nxe5 18. f4 Ng6 19. Qxe7 Rxe7 20. Bf3 c6 21. Rhe1 Kf8 22. f5 Ne5 23. Be2 Rae8 24. Rg1 b5 25. Rd6 Nd7 26. Bd3 Nc5 27. Rg3 Re5 28. f6 Nxd3+ 29. cxd3 Re2+ 30. Kc1 Re1+ 31. Kd2 R8e2# 0-1

[Event "Titled Tuesday intern op 7th April"]
[Site "Chess.com INT"]
[Date "2020.04.07"]
[Round "2"]
[White "Walentukiewicz, Michal"]
[Black "Florstedt, Johannes"]
[Result "0-1"]
[WhiteElo "2052"]
[BlackElo "2350"]
[PlyCount "132"]
[EventDate "2020.04.07"]
[EventType "swiss (blitz)"]
[EventRounds "10"]
[EventCountry "USA"]
[SourceTitle "EXT 2021"]
[Source "ChessBase"]
[SourceDate "2020.10.23"]
[SourceVersion "1"]
[SourceVersionDate "2020.10.23"]
[SourceQuality "1"]

1. g3 d5 2. Bg2 Nf6 3. c4 dxc4 4. Qa4+ Nfd7 5. Qxc4 g6 6. Nf3 Bg7 7. h4 Nb6 8. Qc2 h6 9. d3 Nc6 10. Nc3 Bg4 11. Be3 0-0 12. Qd2 h5 13. 0-0 Rb8 14. Rac1 e5 15. Rfd1 Nd4 16. Bxd4 exd4 17. Ne4 Nd5 18. Qa5 b6 19. Qd2 c5 20. Neg5 Qd6 21. a3 Rfe8 22. Re1 Re7 23. Rb1 Rbe8 24. Kf1 a5 25. Ne4 Qd7 26. Qc2 Kh7 27. Neg5+ Kg8 28. Ne4 Bh6 29. Neg5 f6 30. Ne4 Kg7 31. Nh2 Bf5 32. Qc4 Be6 33. Qc2 a4 34. Ra1 Qc7 35. Nf3 f5 36. Neg5 Bg8 37. Qd2 f4 38. gxf4 Nxf4 39. e4 dxe3 40. fxe3 Nxg2 41. Kxg2 Bd5 42. e4 Be6 43. Qf2 Rf8 44. Qg3 Qxg3+ 45. Kxg3 Bb3 46. Rf1 Rd8 47. Ne1 Kg8 48. Rf3 Bg7 49. Rb1 Rd6 50. Nh3 Rf6 51. Rxf6 Bxf6 52. Nf4 Kg7 53. Nd5 Be5+ 54. Kf3 Rf7+ 55. Ke2 Bxd5 56. exd5 Rd7 57. Nf3 Bf6 58. Kd2 Rxd5 59. Kc2 Rf5 60. Rf1 Kf7 61. Kd2 Ke6 62. Kc2 Kd6 63. Nd2 Rxf1 64. Nxf1 Bxh4 65. Ne3 Bf6 66. Ng2 g5 0-1

[Event "BL2-Nord 1920"]
[Site "Germany"]
[Date "2020.02.09"]
[Round "8.6"]
[White "Richter, Christian"]
[Black "Florstedt, Johannes"]
[Result "1-0"]
[WhiteElo "2358"]
[BlackElo "2355"]
[PlyCount "73"]
[EventDate "2019.10.19"]
[EventType "team-tourn"]
[EventRounds "9"]
[EventCountry "GER"]
[SourceTitle "CBM 194 Extra"]
[Source "ChessBase"]
[SourceDate "2020.03.31"]
[SourceVersion "1"]
[SourceVersionDate "2020.03.31"]
[SourceQuality "1"]
[WhiteTeam "Werder Bremen II"]
[BlackTeam "Berlin SF II"]
[WhiteTeamCountry "GER"]
[BlackTeamCountry "GER"]

1. d4 Nf6 2. g3 g6 3. Bg2 d5 4. c4 dxc4 5. Na3 c5 6. dxc5 Qxd1+ 7. Kxd1 Nfd7 8. Be3 Bg7 9. Nxc4 Na6 10. c6 bxc6 11. Bxc6 Rb8 12. Bxa7 Rb4 13. Rc1 0-0 14. b3 Rd8 15. Ke1 Bb7 16. Na5 Bc8 17. Nf3 Nf6 18. Ne5 Bh6 19. e3 Ng4 20. Nec4 Be6 21. Ke2 Nb8 22. Bf3 Rb5 23. Bxb8 Rdxb8 24. Nc6 Bxc4+ 25. Rxc4 Ne5 26. Nxb8 Nxc4 27. Nc6 Ne5 28. Nxe7+ Kf8 29. Nc6 Nxc6 30. Bxc6 Rc5 31. Be4 Ke7 32. Rd1 f5 33. Bd3 g5 34. h3 f4 35. g4 Bg7 36. Bxh7 Ke6 37. exf4 1-0

[Event "BL2-Nord 1920"]
[Site "Germany"]
[Date "2019.11.24"]
[Round "4.7"]
[White "Meister, Jakob"]
[Black "Florstedt, Johannes"]
[Result "1-0"]
[WhiteElo "2410"]
[BlackElo "2355"]
[PlyCount "113"]
[EventDate "2019.10.19"]
[EventType "team-tourn"]
[EventRounds "9"]
[EventCountry "GER"]
[SourceTitle "CBM 194 Extra"]
[Source "ChessBase"]
[SourceDate "2020.03.31"]
[SourceVersion "1"]
[SourceVersionDate "2020.03.31"]
[SourceQuality "1"]
[WhiteTeam "Zehlendorf"]
[BlackTeam "Berlin SF II"]
[WhiteTeamCountry "GER"]
[BlackTeamCountry "GER"]

1. c4 Nf6 2. Nc3 d5 3. cxd5 Nxd5 4. g3 c5 5. Bg2 Nc7 6. a3 Nc6 7. Bxc6+ bxc6 8. Nf3 f6 9. Qa4 e5 10. Qxc6+ Bd7 11. Qe4 Ne6 12. Qd5 Nd4 13. Nxd4 cxd4 14. Ne4 Rc8 15. Nd6+ Bxd6 16. Qxd6 Rc6 17. Qd5 Qc7 18. 0-0 Be6 19. Qf3 0-0 20. b4 Rc8 21. Re1 Qd7 22. b5 Rc2 23. a4 Bd5 24. Qh5 Bb7 25. d3 Qd5 26. f3 Qb3 27. Qh3 R8c7 28. Ba3 Bc8 29. Qf1 Qc3 30. Red1 Be6 31. Qe1 Ba2 32. Bd6 Rd7 33. Bb4 Qb2 34. Kf2 Rdc7 35. a5 Rb7 36. Rdc1 Rxb5 37. Rxc2 Qxc2 38. Rc1 Qa4 39. Rc8+ Kf7 40. Rc7+ Kg8 41. Rc8+ Kf7 42. Rc7+ Kg8 43. Bd2 Rb1 44. Bc1 Bd5 45. Qd2 Bc6 46. g4 h6 47. h4 Rb7 48. Rc8+ Kf7 49. g5 Bd7 50. Rc4 Qa1 51. gxh6 Be6 52. h7 Rb8 53. Rc7+ Kg6 54. h5+ Kf5 55. Rxg7 Bd5 56. Qh6 Ke6 57. Rg6 1-0